Meena jathi ka abhyuday/ (Record no. 52125)

000 -LEADER
fixed length control field 00360nam a22001457a 4500
020 ## - INTERNATIONAL STANDARD BOOK NUMBER
ISBN 81-88403-19-9
082 ## - DEWEY DECIMAL CLASSIFICATION NUMBER
Classification number H 305.9
Item number SAK/M
100 ## - MAIN ENTRY--AUTHOR NAME
Personal name Sakunthala Meena
245 ## - TITLE STATEMENT
Title Meena jathi ka abhyuday/
Statement of responsibility, etc by Sakunthala Meena
260 ## - PUBLICATION, DISTRIBUTION, ETC. (IMPRINT)
Place of publication Jaipur:
Name of publisher Aalok,
Year of publication 2013.
300 ## - PHYSICAL DESCRIPTION
Number of Pages 310p.
650 ## - SUBJECT ADDED ENTRY--TOPICAL TERM
Topical Term Meena Social Groups
650 ## - SUBJECT ADDED ENTRY--TOPICAL TERM
Topical Term Social Sciences
942 ## - ADDED ENTRY ELEMENTS (KOHA)
Koha item type Book
Holdings
Withdrawn status Lost status Damaged status Not for loan Permanent Location Current Location Shelving location Date acquired Full call number Accession Number Cost, replacement price Price effective from Koha item type
        Sree Sankaracharya University of Sanskrit Sree Sankaracharya University of Sanskrit Stacks 24.03.2015 H 305.9 SAK/M 074467 350.00 24.03.2015 Book